00622nam a22001937a 4500003000900000008004100009040007100050082002500121100002000146245003100166260004100197300002600238440003600264505004800300650001700348650003000365650001700395700001600412AR-CdUCM190328b ||||| |||| 00| 0 spa d aMUNICIPALIDAD PROVINCIAL DEL CUSCOcBIBLIOTECA MUNICIPAL DEL CUSCO a335.41 /bP72 / 1940 aPlejanov, Jorge aEl materialismo militante/ aSantiago de Chile :bErcilla,c1940. a153 paginas ;c18 cm. aColección Documentos Sociales aContenido :Teoría marxista materialista / aConocimiento aMaterialismo dialéctico aMaterialismo aL.A.Sanchez